000 00886nam a2200265Ia 4500
005 20260121170753.0
008 008 260114s9999 xx 000 0 eng d
020 _a9783030010454
037 _aEBOOK
040 _aCRL
040 _beng
040 _cCRL
041 _2eng
041 _aeng
084 _qCRL
100 _aDanail Stoyanov, Zeike Taylor, Stephen Aylward, João Manuel R.S. Tavares, Yiming Xiao, Amber Simpson, Anne Martel, Lena Maier-Hein, Shuo Li, Hassan Rivaz, Ingerid Reinertsen, Matthieu Chabanas, Keyvan Farahani
_91067966
245 0 _aSimulation, Image Processing, and Ultrasound Systems for Assisted Diagnosis and Navigation
260 _bSpringer
260 _bSpringer
260 _c2018
856 _uhttps://link.springer.com/openurl?genre=book&isbn=978-3-030-01045-4
942 _cEBOOK
999 _c1633696
_d1633696